00529 2200181 4500001002100000005001700021008004100038035002500079082001200104090002100116245007400137250001100211260003300222300002700255650002300282999002100305999002100326YOGYA-0411000000129620150423154121.0 ind  a0010-041100000001296 a297.122 aDEP 297.122bTaf aTafsir tematika Al-Qur an tentang hubungan sosial antar umat beragama aCet. 1 aYogyakartabPustaka SMc2000 axxivb220 hlm.c20 cm. aAl-Qur an - Tafsir aCB-D.11-2000-326 aCB-D.11-2000-327